Wages and labour mobility : A report by a group of independent experts on the relation between changes in wage differentials and the pattern of employment
Сохранить в:
| Формат: | |
|---|---|
| Язык: | Undetermined |
| Опубликовано: |
Paris
Organization for Economic Co-Operation and Development
1965
|
| Предметы: | |
| Метки: |
Добавить метку
Нет меток, Требуется 1-ая метка записи!
|
| Thư viện lưu trữ: | Trung tâm Học liệu Trường Đại học Cần Thơ |
|---|
| LEADER | 00670nam a2200169Ia 4500 | ||
|---|---|---|---|
| 001 | CTU_78757 | ||
| 008 | 210402s9999 xx 000 0 und d | ||
| 082 | |a 331.127 | ||
| 082 | |b W131 | ||
| 245 | 0 | |a Wages and labour mobility : | |
| 245 | 2 | |b A report by a group of independent experts on the relation between changes in wage differentials and the pattern of employment | |
| 245 | 0 | |c With a foreword on the implications of the study for incomes policy by Pieter de Wolff | |
| 260 | |a Paris | ||
| 260 | |b Organization for Economic Co-Operation and Development | ||
| 260 | |c 1965 | ||
| 650 | |a Labor mobility,Wages | ||
| 980 | |a Trung tâm Học liệu Trường Đại học Cần Thơ | ||